Cien años de luces y sombras
Wedi'i Gadw mewn:
| Prif Awdur: | |
|---|---|
| Fformat: | Llyfr |
| Iaith: | Sbaeneg |
| Cyhoeddwyd: |
Santiago
Fundación Democracia y Desarrollo
2010
Santiago Aguilar Chilena de Ediciones 2010 |
| Pynciau: | |
| Tagiau: |
Ychwanegu Tag
Dim Tagiau, Byddwch y cyntaf i dagio'r cofnod hwn!
|
MARC
| LEADER | 00000nam a2200000 a 4500 | ||
|---|---|---|---|
| 001 | UCG4971 | ||
| 003 | CL-VaPUC | ||
| 008 | 101216e20100000cl |||||||||||||||||spa|d | ||
| 020 | |a 9789562398060 | ||
| 082 | 0 | 4 | |a 983.064 |b LAG |2 21 |
| 100 | |a Lagos Escobar, Ricardo |e author |9 296002 | ||
| 245 | 1 | 0 | |a Cien años de luces y sombras |
| 300 | |a t | ||
| 942 | |c BK | ||
| 945 | |d 20101216 00:00:00 |a dcastane | ||
| 260 | |a Santiago |b Fundación Democracia y Desarrollo |c 2010 | ||
| 260 | |a Santiago |b Aguilar Chilena de Ediciones |c 2010 | ||
| 500 | |a Reflexionan sobre el devenir de Chile en su bicentenario los siguientes destacados profesionales: Ricardo Lagos Escobar, Sol Serrano Pérez, Alfredo Riquelme Segovia, Cecilia Osorio Gonnet, Manuel Antonio Garretón M., Fernando Reyes Matta, Juan Emilio Cheyre Espinosa, Óscar Landerretche Moreno, Patricio Meller Bock, Osvaldo Larrañaga Jiménez, Cristián Bellei Carvacho, Víctor Pérez Vera, Sonia Montecino Aguirre, Fernando Sáez García, Carlos Maldonado Rosas | ||
| 650 | 0 | |a Historia de Chile siglo 20 |9 268145 | |
| 650 | 7 | |a POLITICA NACIONAL |2 CL-VaPUC |9 349430 | |
| 650 | 0 | |a Partidos políticos |9 254999 | |
| 650 | 0 | |a Democracia |9 255256 | |
| 650 | 0 | |a Iglesia y Estado |9 254995 | |
| 650 | 0 | |a Sociedad |9 307903 | |
| 650 | 0 | |a Desarrollo cultural |9 267526 | |
| 583 | |a last modification |c 20171011 01:22:29 |k Rodrigo Vera | ||
| 999 | |c 343569 |d 343567 | ||
| 952 | |0 0 |1 0 |4 0 |6 983_064000000000000_LAG_2010_2010 |7 0 |8 A |9 440968 |a BIBHIS |b BIBHIS |d 2019-11-22 |h t.1 |i 4739299 |l 1 |m 32 |o 983.064 LAG 2010 2010 |p 4739299 |q 2025-07-11 |r 2021-07-22 |s 2021-07-22 |w 2019-11-22 |y BK |k HIS | ||
| 952 | |0 0 |1 0 |4 0 |6 983_064000000000000_LAG_2010_2010 |7 0 |8 A |9 440969 |a BIBHIS |b BIBHIS |d 2019-11-22 |h t.2 |i 4739302 |l 1 |o 983.064 LAG 2010 2010 |p 4739302 |r 2025-01-20 |s 2022-09-07 |w 2019-11-22 |y BK |k HIS | ||